Musique par lettre - V - Statistiques

Statistiques générales
  • Ce quiz a été pris 175 fois
  • Le résultat moyen est 13 sur 20
Statistiques - réponses
Questions Réponses % Correct
Quel chanteur français interprète "Je m'en vais" et "Beau-papa" ? Vianney
97%
Quelle chanteuse française, célèbre pour ses duos avec Slimane, a interprété "Confessions Nocturnes" avec Diam's ? Vitaa
94%
Quelle chanson est l'adaptation anglaise de Jingle Bells ? Vive le vent
89%
Quelle chanson de Desireless explore le monde dans ses paysages ? Voyage, voyage
86%
Quelle chanson d'Olivia Rodrigo sortie en 2023, est également une créature se nourrissant de sang ? Vampire
84%
Quel chanteur est l'interprète de "Tu veux mon zizi" et "Fruit de la passion" ? Francky Vincent
82%
Quel rappeur français a interprété "Ramenez la coupe à la maison" ? Vegedream
77%
Quelle chanson de Moha K à un titre qui se constitue de deux mêmes onomatopées, rappelant le son d'un moteur ? Vroum Vroum
77%
Quel chanteur guadeloupéen interprète "Rockollection" et "Le Coeur Grenadine" ? Laurent Voulzy
69%
Quel groupe américain interprète "YMCA" ? Village People
69%
Quelle chanson de Coldplay de 2008 a un refrain débutant par "I hear Jerusalem bells a-ringin" ? Viva la vida
69%
Quel rappeur français chante "Désaccordé" et "Ma meilleure amie" ? Vald
64%
Quelle chanson d'Andrea Bocelli a été reprise avec Hélène Ségara "Je vis pour elle" ? Vivo per lei
61%
Quelle chanson de Dave est l'adaptation française de la chanson Runaway de Del Shannon ? Vanina
52%
Quelle chanteuse français d'origine bulgare "La Maritza" et "La plus belle pour aller danser" ? Sylvie Vartan
47%
Quelle chanson d'Alain Bashung raconte les tourments provoqués par l'amour ? Vertige de l'amour
42%
Quel chanteur français est l'interprète de "Aimons nous vivants" et "Elle danse Marie" ? François Valéry
40%
Quel chanteur français interprète "Nous" et "Capri, c'est fini" ? Hervé Vilard
36%
Quelle chanson de Domenico Modugno a été reprise par ls Gipsy Kings en 1989 ? Volare
34%
Quelle chanson de Daniel Balavoine débute par "Heure sonne matin, Pleure chagrin" ? Vivre ou survivre
28%
Aucun quiz correspondant
Distribution des résultats
% des personnes avec chaque résultat
Percentile par nombre de réponses
Votre historique - résultats
Vous n’avez pas pris ce quiz